| 000 | 00443 a2200169 4500 | ||
|---|---|---|---|
| 003 | Nust | ||
| 005 | 20221222122556.0 | ||
| 040 | _cNust | ||
| 082 | _a297.122, MAU | ||
| 100 |
_aMaududi, Syed Abul Ala _9105653 |
||
| 245 |
_aThe HOLY QURAN _cSyed Abul Ala Maududi |
||
| 260 |
_aLahore _bIslamic Pub |
||
| 300 | _b1060:p | ||
| 505 | _aSurah from Al –Fatihah To Surah An-Nas (Page-2 to 1060). | ||
| 650 |
_aQuran _9104355 |
||
| 942 |
_2ddc _cBK |
||
| 999 |
_c188105 _d188105 |
||